The Hotel Tito (Record no. 114892)

MARC details
000 -LEADER
fixed length control field 00393 a2200157 4500
005 - DATE AND TIME OF LATEST TRANSACTION
control field 20260417131437.0
008 - FIXED-LENGTH DATA ELEMENTS--GENERAL INFORMATION
fixed length control field 250819b |||||||| |||| 00| 0 eng d
020 ## - INTERNATIONAL STANDARD BOOK NUMBER
International Standard Book Number 9781609809201
080 ## - UNIVERSAL DECIMAL CLASSIFICATION NUMBER
Universal Decimal Classification number F
Item number BOD/H
100 ## - MAIN ENTRY--PERSONAL NAME
Personal name Bodrozic, Ivana
245 ## - TITLE STATEMENT
Title The Hotel Tito
260 ## - PUBLICATION, DISTRIBUTION, ETC. (IMPRINT)
Name of publisher, distributor, etc Seven stories press
Place of publication, distribution, etc New York
Date of publication, distribution, etc 2017
300 ## - PHYSICAL DESCRIPTION
Extent 173p.
700 ## - ADDED ENTRY--PERSONAL NAME
Personal name Ellen Elias-Bursac, Tr.by;
942 ## - ADDED ENTRY ELEMENTS (KOHA)
item type Books
Holdings
Lost status Source of classification or shelving scheme Not for loan Home library Current library Shelving location Date acquired Cost, normal purchase price Total Checkouts Full call number Barcode Date last seen Cost, replacement price Price effective from Koha item type
  Universal Decimal Classification Not For Loan University Library University Library On Display 19/03/2025 959.20   F BOD/H 00097219 19/03/2025 1199.00 19/03/2025 Books
University Library, CUSAT